000 01447cam a22004334i 4500
003 PE-LiUPU
005 20250731173226.0
008 150625s1960 mx r 000 0 spa d
035 _a(Sirsi) a34121
040 _aPE-LiUPU
_bspa
_cPE-LiUPU
_erda
049 _aPRUA
082 0 4 _a227.87
_bC18
_221
100 1 _aCalvino, Juan,
_d1509-1564,
_eautor.
245 1 3 _aLa Epístola del Apóstol Pablo a los Hebreos /
_cJuan Calvino, Tr. del original latín y edit. en inglés por Juan Owen ; tr. al castellano por Luis Torres y Márquez.
264 1 _aMéxico :
_bPublicaciones de la Fuente,
_c1960.
300 _a369 páginas ;
_c23 centímetros.
336 _atext
_2rdacontent
337 _aunmediated
_2rdamedia
338 _avolume
_2rdacarrier
505 0 _aPrefacio a la vesion inglesa -- Notas al prefacio -- Epistola dedicatoria Juan Calvino -- La epistola a los hebreoos -- Comentario sobre la epistola a los hebreos -- Notas a los capítolos.
526 _aSEG42
526 _aSEG41
526 _aSEG40
526 _aSEG39
526 _aP94
526 _aP87
526 _aP86
526 _aP85
526 _aP77
526 _aP76
526 _aP35
630 1 4 _aBiblia.
_pHebreos
_xComentarios.
942 _2ddc
_cBK
999 _c41944
_d41944
980 _81
_gALBERTO SANCHEZ Responsable de Automatización